00517nam a22001697a 450000500170000001000150001702000260003203500140005803700090007208200120008110000290009324500760012226000440019827000530024230000230029570000290031820240522115128.0 aENG-140464 a9788192812533c500.00 aEN-123996 bDBAD a809.933 aChaudhuri, Kalyan Bhanja aGoethe And Tagore Parallel Lives And Works/cby Kalyan Bhanja Chaudhuri aKolkatab Kalyan Bhanja Chaudhuric2022 a356/20, S. K. B. Sarani, DumDumbKolkatae700006 a303 p.c21cm, (hb} aChaudhuri, Kalyan Bhanja